000 00430nam a2200181Ia 4500
001 9970
005 20260306161757.0
008 260306t2002||||xx |||||||||||||| ||spa||
041 _aESP
082 _aPE 869.56
_bF41
100 _aFernández de Córdova, Guido
_eAUT
245 0 _aUna onza de gongorismos / algunos pájaros
260 _c2002
300 _a
_c
650 _aGEN
654 _aCHU
942 _cLIB
_dJUS
_fJUS
_2ddc
_n
999 _c9970
_d9970